Statistics for Film Composers

Click here to take the quiz!

General Stats

  • This quiz has been taken 29 times
  • The average score is 9 of 30

Answer Stats

HintAnswer% Correct
Inception - Pirates Of The CaribbeanHans Zimmer
100%
The Good The Bad And The Ugly - Cuotte Di MamaEnnio Morricone
78%
The Silence Of The Lambs - Lord Of The RingsHoward Shore
78%
Back To The Future - Forrest GumpAlan Silvestri
57%
The Shape Of Water - Harry Potter 7Alexandre Desplat
52%
Charlie And The Chocolate Factory - Red DragonDanny Elfman
52%
Up - The IncrediblesMichael Giacchino
48%
Harry Potter 4 - Donnie Brasco - CendrillonPatrick Doyle
48%
Harry Potter 5-6Nicholas Hooper
43%
Toy Story SagaRandy Newman
39%
The GodfatherNino Rota
35%
Beauty And The Beast - Aladdin - Pocahontas...Alan Menken
30%
Unbreakable - Hunger Games - Fantastic BeastsJames Newton Howard
30%
Amelie PoulainYann Tiersen
26%
Taxi DriverBernard Herrmann
22%
Arthur And The Invisibles - LeonEric Serra
22%
Kitano And GhibliJoe Hisaishi
17%
Pirates Of The Caribbean (With Hans Zimmer) - Le Petit NicolasKlaus Badelt
17%
The ShawShank Redemption - American BeautyThomas Newman
17%
Twin Peaks - Un Long Dimanche De FiancaillesAngelo Badalamenti
13%
Slumdog MillionaireAr Rahman
9%
Twilight - No Country For Old MenCarter Burwell
9%
Love Actually - Moulin RougeCraig Armstrong
9%
The Talented Mr Ripley - The English PatientGabriel Yared
9%
Usual Suspects - X-Men Days Of Future PastJohn Ottman
9%
Drive (Not Kavinsky or College Hero)Cliff Martinez
4%
Joker (2019)Hildur Guonadottir
4%
Malcolm X - 25th HourTerence Blanchard
4%
ColetteThomas Adès
4%
Conan Le Barbare - Starship TroopersBasile Poledouris
0%

Score Distribution

Percentile by Number Answered

Percent of People with Each Score

Your Score History

You have not taken this quiz